000 00745nam a2200253Ia 4500
003 OSt
005 20220918172000.0
006 a|||||r|||| 00| 0
007 ta
008 220917b |||||||| |||| 00| 0 eng d
020 _a9788194085003 (hbk)
_cINR 3600.00
024 _a353,214
037 _b782, 18/12/2019, Research India Press
_cTextual
040 _aARTS
_cARTS
_beng
041 _2eng
_aeng
082 _aQ4, Q9
100 _aChandra Lokesh Au.
245 0 _aEmbedded narratives of buddhism
260 _aNew Delhi
_bAditya Parkashan India
_c2019
300 _a220p.
_ccm.
650 _aBUDDHISM
942 _hQ4, Q9
_cTEXL
_2CC
999 _c142139
_d142139